Cataloger's desktop (Record no. 36838)
[ view plain ]
| 000 -LEADER | |
|---|---|
| fixed length control field | 00828nam a2200229 a 4500 |
| 001 - CONTROL NUMBER | |
| control field | 11439589 |
| 008 - FIXED-LENGTH DATA ELEMENTS--GENERAL INFORMATION | |
| fixed length control field | 140624c19949999||||||||||||||||| || u |
| 010 ## - LIBRARY OF CONGRESS CONTROL NUMBER | |
| LC control number | 94646729 |
| 022 ## - INTERNATIONAL STANDARD SERIAL NUMBER | |
| International Standard Serial Number | 1073-4929 |
| 050 ## - LIBRARY OF CONGRESS CALL NUMBER | |
| Classification number | CD/Z 693 Cat |
| 110 ## - MAIN ENTRY--CORPORATE NAME | |
| Corporate name or jurisdiction name as entry element | Library of Congress |
| 245 10 - TITLE STATEMENT | |
| Title | Cataloger's desktop |
| Statement of responsibility, etc. | Library of Congress. |
| Medium | [cd-rom] |
| 260 ## - PUBLICATION, DISTRIBUTION, ETC. | |
| Place of publication, distribution, etc. | Washington, D.C. |
| Name of publisher, distributor, etc. | Cataloging Distribution Service |
| Date of publication, distribution, etc. | c1994- |
| 300 ## - PHYSICAL DESCRIPTION | |
| Extent | 4 3/4 in. |
| 362 1# - DATES OF PUBLICATION AND/OR SEQUENTIAL DESIGNATION | |
| Dates of publication and/or sequential designation | 1997, issue 01 |
| 500 ## - GENERAL NOTE | |
| General note | Title from disc label. "Folio infobase"--Disc label. |
| 650 #0 - SUBJECT ADDED ENTRY--TOPICAL TERM | |
| Topical term or geographic name entry element | CLASSIFICATION, LIBRARY OF CONGRESS |
| 650 ## - SUBJECT ADDED ENTRY--TOPICAL TERM | |
| Topical term or geographic name entry element | SUBJECT CATALOGUING |
| 650 #0 - SUBJECT ADDED ENTRY--TOPICAL TERM | |
| Topical term or geographic name entry element | SUBJECT CATALOGING - RULES |
| 650 ## - SUBJECT ADDED ENTRY--TOPICAL TERM | |
| Topical term or geographic name entry element | DESCRIPTIVE CATALOGING--RULES |
| 995 ## - RECOMMENDATION 995 [LOCAL, UNIMARC FRANCE] | |
| -- | CBU-MAIN LIBRARY (Kitwe) |
| -- | 1 |
| -- | AVAILABLE |
| -- | Jun 25, 2014 |
| -- | e-Media Collection |
| Withdrawn status | Lost status | Source of classification or shelving scheme | Damaged status | Not for loan | Home library | Current library | Shelving location | Date acquired | Total Checkouts | Full call number | Barcode | Date last seen | Price effective from | Koha item type |
|---|---|---|---|---|---|---|---|---|---|---|---|---|---|---|
| CBU-MAIN LIBRARY, KITWE. | CBU-MAIN LIBRARY, KITWE. | 11/30/2022 | CD/Z 693 Cat | 20140034 | 11/30/2022 | 11/30/2022 | MONOGRAPH |